<?xml version="1.0" encoding="UTF-8"?>
<collection xmlns="http://www.loc.gov/MARC21/slim">
<record>
  <controlfield tag="001">111193</controlfield>
  <controlfield tag="005">20220309093110.0</controlfield>
  <datafield tag="037" ind1=" " ind2=" ">
    <subfield code="a">TAZ-TFG-2021-870</subfield>
  </datafield>
  <datafield tag="041" ind1=" " ind2=" ">
    <subfield code="a">spa</subfield>
  </datafield>
  <datafield tag="100" ind1="1" ind2=" ">
    <subfield code="a">Espinosa Bellido, Clara</subfield>
  </datafield>
  <datafield tag="242" ind1="0" ind2="0">
    <subfield code="a">Renal involvement in diseases caused by mitochondrial DNA mutations</subfield>
  </datafield>
  <datafield tag="245" ind1="0" ind2="0">
    <subfield code="a">Afectación renal en las enfermedades causadas por mutaciones en el ADN mitocondrial</subfield>
  </datafield>
  <datafield tag="260" ind1=" " ind2=" ">
    <subfield code="a">Zaragoza</subfield>
    <subfield code="b">Universidad de Zaragoza</subfield>
    <subfield code="c">2021</subfield>
  </datafield>
  <datafield tag="506" ind1=" " ind2=" ">
    <subfield code="a">by-nc-sa</subfield>
    <subfield code="b">Creative Commons</subfield>
    <subfield code="c">3.0</subfield>
    <subfield code="u">http://creativecommons.org/licenses/by-nc-sa/3.0/</subfield>
  </datafield>
  <datafield tag="520" ind1=" " ind2=" ">
    <subfield code="a">Las enfermedades mitocondriales se deben a un defecto en la fosforilación oxidativa como consecuencia de mutaciones que afectan tanto al ADN nuclear como al genoma mitocondrial. La repercusión suele ser multisistémica y cualquier órgano puede verse implicado. El riñón se ve frecuentemente afectado debido a la importante demanda energética que requiere para llevar a cabo sus funciones, sobre todo a nivel del túbulo proximal. Se han identificado distintas mutaciones puntuales y deleciones causales en el ADN mitocondrial asociadas a varios fenotipos renales: tubulopatías proximales y distales, glomerulopatías, nefritis tubulointersticial y enfermedad quística. Ahora bien, la forma de presentación en los pacientes es muy variable, desde la afectación subclínica hasta la enfermedad renal crónica avanzada. De los defectos genéticos conocidos, la mutación A3243G en el gen que codifica el ARNt de la leucina es la que se ha descrito con mayor frecuencia y se asocia a daño glomerular. Sin embargo, los mecanismos patogénicos subyacentes siguen siendo poco conocidos, lo que dificulta el desarrollo de terapias específicas para estos pacientes. &lt;br />&lt;br /></subfield>
  </datafield>
  <datafield tag="521" ind1=" " ind2=" ">
    <subfield code="a">Graduado en Medicina</subfield>
  </datafield>
  <datafield tag="540" ind1=" " ind2=" ">
    <subfield code="a">Derechos regulados por licencia Creative Commons</subfield>
  </datafield>
  <datafield tag="700" ind1=" " ind2=" ">
    <subfield code="a">Meade Huerta, Patricia</subfield>
    <subfield code="e">dir.</subfield>
  </datafield>
  <datafield tag="710" ind1="2" ind2=" ">
    <subfield code="a">Universidad de Zaragoza</subfield>
    <subfield code="b">Bioquímica y Biología Molecular y Celular</subfield>
    <subfield code="c"></subfield>
  </datafield>
  <datafield tag="856" ind1="0" ind2=" ">
    <subfield code="f">721014@unizar.es</subfield>
  </datafield>
  <datafield tag="856" ind1="4" ind2=" ">
    <subfield code="s">1264861</subfield>
    <subfield code="u">http://zaguan.unizar.es/record/111193/files/TAZ-TFG-2021-870.pdf</subfield>
    <subfield code="y">Memoria (spa)</subfield>
  </datafield>
  <datafield tag="909" ind1="C" ind2="O">
    <subfield code="o">oai:zaguan.unizar.es:111193</subfield>
    <subfield code="p">driver</subfield>
    <subfield code="p">trabajos-fin-grado</subfield>
  </datafield>
  <datafield tag="950" ind1=" " ind2=" ">
    <subfield code="a"></subfield>
  </datafield>
  <datafield tag="980" ind1=" " ind2=" ">
    <subfield code="a">TAZ</subfield>
    <subfield code="b">TFG</subfield>
    <subfield code="c">MED</subfield>
  </datafield>
  <datafield tag="999" ind1=" " ind2=" ">
    <subfield code="a">20210530122344.CREATION_DATE</subfield>
  </datafield>
  <datafield tag="951" ind1=" " ind2=" ">
    <subfield code="a">deposita:2022-03-09</subfield>
  </datafield>
</record>
</collection>